U.S presidents - Statistics

General Stats
  • This quiz has been taken 19 times
  • The average score is 32 of 46
Answer Stats
Answer % Correct
George H. W. Bush
94%
George Washington
94%
George W. Bush
94%
Abraham Lincoln
88%
Andrew Johnson
88%
Barack Obama
88%
Bill Clinton
88%
Donald Trump
88%
Franklin D. Roosevelt
88%
Joe Biden
88%
Lyndon B. Johnson
88%
Richard Nixon
88%
Theodore Roosevelt
88%
Andrew Jackson
81%
John Adams
81%
John Quincy Adams
81%
Ronald Reagan
81%
Gerald Ford
75%
Jimmy Carter
75%
John F. Kennedy
75%
Thomas Jefferson
75%
Zachary Taylor
75%
Benjamin Harrison
69%
Dwight D. Eisenhower
69%
Harry S. Truman
69%
James K. Polk
69%
Ulysses S. Grant
69%
William Henry Harrison
69%
William Howard Taft
69%
James Madison
63%
James Monroe
63%
John Tyler
63%
Woodrow Wilson
63%
Grover Cleveland
56%
Grover Cleveland
56%
Herbert Hoover
56%
James Buchanan
56%
Millard Fillmore
56%
Rutherford B. Hayes
56%
Calvin Coolidge
50%
James A. Garfield
50%
Martin Van Buren
50%
Franklin Pierce
44%
Warren G. Harding
38%
Chester A. Arthur
31%
William McKinley
31%
No matching quizzes found
Score Distribution
Percent of People with Each Score
Percentile by Number Answered
Your Score History
You have not taken this quiz